000 00481cam a2200181ua 4500
020 _c225.00
041 _aeng
_h
082 _a001.42
_bBEL/HO
100 _aBell, Judith .
245 _aHow to complete your research project successfully /
_cJudith Bell.
_hTextual Documents
250 _a1 /
_b.
260 _aKolkatha :
_bUBS Publishers Distributors ,
_c1993.
300 _a137 ;
_eCD ROM.
365 _a225.00
504 _a
942 _cBK
999 _c5590
_d5590